000 00755nam a22002177a 4500
999 _c3277
_d3277
003 AR-CdUCM
008 190306b ||||| |||| 00| 0 spa d
040 _aMUNICIPALIDAD PROVINCIAL DEL CUSCO
_cBIBLIOTECA MUNICIPAL DEL CUSCO
082 _a343.332 /
_bA634
110 _aPoder Judicial
_910916
245 _aAntología de la reforma del poder judicial /
260 _aLima :
_bTarea Asociación Gráfica Educativa,
_c2000.
300 _a427 páginas ;
_c24 cm.
505 _aMoralización -- Descentralización -- Capacitación -- Modernización...
650 _aPoder judicial.
_96955
650 _aModernización.
_95169
650 _aDescentralización.
_93895
650 _aMoralización.
_96945
942 _2ddc
_cLIBROS
945 _awfj
_d2019-03-06